Thiết kế mạch thí nghiệm vi xử lý tích hợp 89C51 và PIC 16F877A phần vi điều khiển 89C51
Tổng quan về vi điều khiển 89C51. Tổng quan về vi xử lý PIC16F877A. Thiết kế mạch thí nghiệm. Thiết kế các bài thí nghiệm.
Enregistré dans:
| Auteur principal: | |
|---|---|
| Autres auteurs: | |
| Format: | Livre |
| Langue: | Vietnamese |
| Publié: |
Đà Nẵng
Đại học Sư phạm, Đại học Đà Nẵng
2013
|
| Sujets: | |
| Tags: |
Ajouter un tag
Pas de tags, Soyez le premier à ajouter un tag!
|
| Thư viện lưu trữ: | Mạng thư viện Đại học Đà Nẵng |
|---|
| LEADER | 01701nam a2200373 4500 | ||
|---|---|---|---|
| 001 | 000019159 | ||
| 003 | 15594 | ||
| 005 | 20140321150301.0 | ||
| 008 | 140320s2013 viesd | ||
| 041 | |a vie | ||
| 072 | |a VL | ||
| 082 | 1 | 4 | |a 621.382 |b HÔ-Q |
| 100 | 1 | |a Hồ Huyền Lệ Quyên | |
| 245 | 1 | 0 | |a Thiết kế mạch thí nghiệm vi xử lý tích hợp 89C51 và PIC 16F877A phần vi điều khiển 89C51 |c Hồ Huyền Lệ Quyên ; Phạm Xuân Trung hướng dẫn |k Khóa luận tốt nghiệp |
| 260 | |a Đà Nẵng |b Đại học Sư phạm, Đại học Đà Nẵng |c 2013 | ||
| 300 | |a 74 tr. |b Hình mh. |c 29 cm. | ||
| 500 | |a Khóa luận tốt nghiệp đại học. Chuyên ngành: Cử nhân Vật lý | ||
| 520 | |a Tổng quan về vi điều khiển 89C51. Tổng quan về vi xử lý PIC16F877A. Thiết kế mạch thí nghiệm. Thiết kế các bài thí nghiệm. | ||
| 650 | 0 | 4 | |a Vi điều khiển |v Khóa luận tốt nghiệp |x Nghiên cứu |x Thiết kế mạch thí nghiệm |
| 653 | |a Vi điều khiển 89C51 | ||
| 653 | |a Khoa Vật Lý | ||
| 653 | |a Thiết kế mạch thí nghiệm | ||
| 653 | |a Vật lí ứng dụng | ||
| 700 | 1 | |a Phạm Xuân Trung |e Hướng dẫn | |
| OWN | |a LSP | ||
| AVA | |a UDN50 |b LSP |d 621.382 HÔ-Q |e available |t Error 5001 Not defined in file expand_doc_bib_avail. |f 1 |g 0 |h N |i 0 |k 1 | ||
| 999 | |a From the UDN01 | ||
| AVA | |a UDN50 |b LSP |d 621.382 HÔ-Q |e available |t Error 5001 Not defined in file expand_doc_bib_avail. |f 1 |g 0 |h N |i 0 |k 1 | ||
| TYP | |a Monograph | ||
| TYP | |a Printed language | ||
| 980 | |a Mạng thư viện Đại học Đà Nẵng | ||